Statistics for 10 Random U.S. States

Click here to take the quiz!

General Stats

  • This quiz has been taken 34 times
  • The average score is 9 of 10

Answer Stats

State% Correct
Alabama
100%
Arkansas
100%
Georgia
100%
Idaho
100%
Kentucky
100%
Louisiana
100%
Maine
100%
Nebraska
100%
New Jersey
100%
New Mexico
100%
New York
100%
Oregon
100%
South Dakota
100%
Utah
100%
Delaware
50%
Indiana
50%
Vermont
50%
Alaska
0%
Arizona
0%
California
0%
Colorado
0%
Connecticut
0%
Florida
0%
Hawaii
0%
Illinois
0%
Iowa
0%
Kansas
0%
Maryland
0%
Massachusetts
0%
Michigan
0%
Minnesota
0%
Mississippi
0%
Missouri
0%
Montana
0%
Nevada
0%
New Hampshire
0%
North Carolina
0%
North Dakota
0%
Ohio
0%
Oklahoma
0%
Pennsylvania
0%
Rhode Island
0%
South Carolina
0%
Tennessee
0%
Texas
0%
Virginia
0%
Washington
0%
West Virginia
0%
Wisconsin
0%
Wyoming
0%

Score Distribution

Percentile by Number Answered

Percent of People with Each Score

Your Score History

You have not taken this quiz